000 00639nam a2200277Ia 4500
005 20260324143553.0
008 008 260324s9999 xx 000 0 eng d
020 _a9781315822624
037 _aEBOOK
040 _aCRL
040 _beng
040 _cCRL
041 _2eng
041 _aeng
084 _qCRL
100 _aBo Sandelin
_91202834
245 4 _aThe History of Swedish Economic Thought
260 _bTaylor and Francis
260 _c1991
365 _a
365 _b160
856 _uhttp://www.taylorfrancis.com/books/9781315822624
942 _cEBOOK
999 _c1821674
_d1821674